| 000 | 01180naa a22003257a 4500 | ||
|---|---|---|---|
| 001 | BR5100063 | ||
| 003 | BR-BrBNA | ||
| 005 | 20240918172825.0 | ||
| 007 | ta | ||
| 008 | 230509b bl.||||| |||| 00| 0 por d | ||
| 040 |
_aBR-BrBNA _bpor _cBiblioteca Nacional de Agricultura |
||
| 041 | _a(Pt) | ||
| 072 |
_aL00 _b5214 _b9410 _bG514 |
||
| 090 | _aL00 BR5100063 | ||
| 100 | 1 | _aAlves Netto, F. | |
| 111 | 1 |
_a5. Congresso Brasileiro de Veterinaria _cSao Paulo, SP (Brazil) _d28 Aug 1950 |
|
| 245 | 1 | _aO melhoramento do gado leiteiro e o controle leiteiro. Panorama atual da pecuaria leiteira em Sao Paulo [Brasil] | |
| 260 | 3 |
_aSao Paulo, SP (Brasil): _c1951. |
|
| 500 | _aAnais do 5. Congresso Brasileiro de Veterinaria Sao Paulo, SP (Brasil): 1951. p. 115-119 (BR5100063-AM)L00 | ||
| 650 | _aProducao animal | ||
| 650 | _aGado leiteiro | ||
| 650 | _aLeite | ||
| 650 | _aMelhoramento animal | ||
| 650 | _aProducao leiteira | ||
| 650 | _aControle leiteiro | ||
| 650 | _aSao Paulo | ||
| 773 | 0 |
_tAnais do 5. Congresso Brasileiro de Veterinaria _wL00 BR5100063 _gSao Paulo, SP (Brasil), 1951. p. 115-119 |
|
| 909 |
_a202404 _bLucia _c55 _dLucia Elande |
||
| 942 |
_cAM _2AGRIS |
||
| 999 |
_c301603 _d301603 |
||